Statistics for Pairs #7

Click here to take the quiz!

General Stats

  • This quiz has been taken 104 times
  • The average score is 22 of 25

Answer Stats

HintAnswer% Correct
QuestionAnswer
99%
LadiesGentlemen
99%
MacaroniCheese
97%
A blessingA curse
96%
AgainAgain
96%
TablesChairs
96%
UpDown
96%
X’sO’s
96%
SafeSecure
94%
WaitSee
94%
NameAddress
92%
GhostsGoblins
91%
OddsEnds
90%
DeadGone
90%
VimVigor
90%
OutAbout
88%
BackForth
88%
EbbFlow
87%
HackSlash
86%
IceSnow
86%
YeaAmen
71%
KibblesBits
68%
RackPinion
68%
CakeIce Cream
64%
KippersCustard
58%

Score Distribution

Percentile by Number Answered

Percent of People with Each Score

Your Score History

You have not taken this quiz